[Event "25. Offene Herner Stadtmeisterschaft 2024"]
[Site "Herne-Sodingen"]
[Date "2024.02.19"]
[Round "3.29"]
[White "Wickenfeld, Udo"]
[Black "Hielscher, Klaus-Peter"]
[Result "0-1"]
[WhiteElo "1200"]
[BlackElo "1780"]
[PlyCount "96"]
[EventDate "2024.??.??"]
[WhiteTeam "SC Recklinghausen Altsta"]
[BlackTeam "SV Wattenscheid 1930 e"]

1. d4 Nf6 2. c4 g6 3. Nc3 Bg7 4. Bg5 d6 5. e3 h6 6. Bh4 Bf5 7. Bd3 Bxd3 8. Qxd3 Nbd7 9. h3 c5 10. Nf3 O-O 11. O-O e6 12. Bg3 Qe7 13. Nb5 e5 14. dxe5 dxe5 15. e4 Rfd8 16. Qd6 Qxd6 17. Nxd6 b6 18. b3 Nh5 19. Bh2 Nf4 20. Rad1 Ne2+ 21. Kh1 Nd4 22. Nxd4 cxd4 23. f4 f6 24. fxe5 fxe5 25. Nb5 Nc5 26. Rfe1 a5 27. Nc7 Rab8 28. Nd5 Re8 29. Bg1 b5 30. cxb5 Rxb5 31. Nc7 Reb8 32. Nxb5 Rxb5 33. Rb1 Kf7 34. Kh2 Bf6 35. g3 Ke6 36. Kg2 Bg5 37. Kf3 Bd2 38. Red1 Bb4 39. h4 Rb7 40. Bxd4 exd4 41. Rxd4 Nd7 42. Rbd1 Ne5+ 43. Kg2 Rc7 44. Rd8 Rc2+ 45. Kh3 h5 46. Re8+ Be7 47. Rd5 Ng4 48. Rg5 Rh2# 0-1

[Event "25. Offene Herner Stadtmeisterschaft 2024"]
[Site "Herne-Sodingen"]
[Date "2024.02.19"]
[Round "3.31"]
[White "Kasprowski, Henryk"]
[Black "Nouman, Abdulrrahman"]
[Result "1-0"]
[WhiteElo "1644"]
[BlackElo "1200"]
[PlyCount "41"]
[EventDate "2024.??.??"]
[WhiteTeam "SV Wattenscheid 1930 e"]
[BlackTeam "SG Wanne"]

1. d4 e6 2. c4 g6 3. Nf3 Bg7 4. Nc3 d6 5. e4 Nc6 6. Be2 Nge7 7. Be3 b6 8. Qd2 a6 9. Bh6 O-O 10. h4 d5 11. cxd5 exd5 12. exd5 Nxd5 13. h5 Nxc3 14. bxc3 Re8 15. hxg6 hxg6 16. Bxg7 Kxg7 17. Qh6+ Kf6 18. Qf4+ Ke7 19. Bc4 Be6 20. Bxe6 fxe6 21. Rh7# 1-0

[Event "25. Offene Herner Stadtmeisterschaft 2024"]
[Site "Herne-Sodingen"]
[Date "2024.02.19"]
[Round "3.32"]
[White "Dimitriadis, Elias"]
[Black "Domnik, Roland"]
[Result "0-1"]
[WhiteElo "1265"]
[BlackElo "1640"]
[PlyCount "132"]
[EventDate "2024.??.??"]
[WhiteTeam "SV Waltrop 1922 e. V."]
[BlackTeam "vereinslos"]

1. e4 c5 2. Nf3 Nc6 3. d4 cxd4 4. Nxd4 e5 5. Nb5 d6 6. N1c3 a6 7. Na3 h6 8. Be3 b5 9. Nd5 Rb8 10. Be2 Nf6 11. f3 Be7 12. c4 b4 13. Qa4 Qd7 14. Nc2 a5 15. Bb6 Rxb6 16. Nxb6 Qc7 17. Nd5 Qd7 18. Nxe7 Kxe7 19. Ne3 Nd4 20. Qxd7+ Kxd7 21. Kf2 Ba6 22. Nd5 Nxd5 23. exd5 Nxe2 24. Kxe2 Bxc4+ 25. Ke3 Bxd5 26. Rhd1 Be6 27. Rd2 Rc8 28. Rad1 Rc6 29. a3 f5 30. f4 e4 31. axb4 axb4 32. Rd4 b3 33. g4 g6 34. gxf5 gxf5 35. Rg1 d5 36. Rg7+ Kd6 37. Rb4 Kc5 38. Rd4 Bc8 39. Rd1 Ba6 40. Rf7 Rd6 41. Rxf5 Bd3 42. Rc1+ Bc2 43. Ra1 Kc4 44. Ra4+ Kc5 45. Rd4 Bd3 46. Re5 Bc4 47. Rdxe4 Rg6 48. Kf2 Kd6 49. Re1 Rf6 50. f5 d4 51. Kf3 Bd5+ 52. Kf4 Kc5 53. Ra1 Rd6 54. Ra5+ Kc4 55. Kg4 d3 56. Ra1 d2 57. Rd1 Kd3 58. Ree1 Kc2 59. Rg1 Bf7 60. h4 Rd4+ 61. Kf3 Bh5+ 62. Ke3 Rd3+ 63. Ke4 Bf3+ 64. Ke5 Bxd1 65. f6 Bh5 66. Rg2 Kc1 0-1

[Event "25. Offene Herner Stadtmeisterschaft 2024"]
[Site "Herne-Sodingen"]
[Date "2024.02.19"]
[Round "3.33"]
[White "Pohl, Martin"]
[Black "Masoudi, Mohammadmahdi"]
[Result "1-0"]
[WhiteElo "1632"]
[BlackElo "1200"]
[PlyCount "79"]
[EventDate "2024.??.??"]
[WhiteTeam "SV Unser Fritz Wanne-E"]
[BlackTeam "Bochumer SV 02"]

1. c4 c5 2. Nc3 Nc6 3. g3 g6 4. Bg2 Bg7 5. a3 e5 6. e3 Nge7 7. Nge2 O-O 8. O-O d6 9. b3 Be6 10. Bb2 d5 11. d4 exd4 12. exd4 cxd4 13. Nxd5 Nxd5 14. cxd5 Bxd5 15. Nf4 Bxg2 16. Kxg2 Qb6 17. Rc1 Rad8 18. Nd3 Ne5 19. Nxe5 Bxe5 20. Qd3 Rd5 21. Rc4 Rb5 22. b4 Rd8 23. Rfc1 Rbd5 24. R1c2 Bg7 25. Bc1 f5 26. Rc7 R5d7 27. R7c5 Qe6 28. Re2 Qb6 29. Qc4+ Kh8 30. Bf4 d3 31. Re6 Rd4 32. Qb3 Qxe6 33. Qxe6 Rxf4 34. Rd5 Rd4 35. Rxd8+ Rxd8 36. Qe7 Rf8 37. Qd6 Rf6 38. Qd8+ Bf8 39. Qxf6+ Bg7 40. Qd8+ 1-0

[Event "25. Offene Herner Stadtmeisterschaft 2024"]
[Site "Herne-Sodingen"]
[Date "2024.02.19"]
[Round "3.34"]
[White "Deno, Thomas"]
[Black "Meiler, Wolfgang"]
[Result "1-0"]
[WhiteElo "1439"]
[BlackElo "1163"]
[PlyCount "61"]
[EventDate "2024.??.??"]
[WhiteTeam "SC Buer-Hassel 1919 e. V."]
[BlackTeam "Bochumer SV 02"]

1. d4 d5 2. Nf3 c6 3. e3 Nf6 4. b3 e6 5. Bb2 Be7 6. Bd3 Nbd7 7. O-O O-O 8. Nbd2 b6 9. Ne5 Bb7 10. f4 c5 11. c4 Rc8 12. Rc1 a6 13. Qe2 h6 14. f5 Rc7 15. fxe6 fxe6 16. Ng6 Rf7 17. Qf3 Qe8 18. Qg3 Rc8 19. Ne5 Ne4 20. Nxe4 Rxf1+ 21. Rxf1 dxe4 22. Rf7 Bf6 23. Rxf6 Nxf6 24. Be2 Rd8 25. Qf4 Qe7 26. Bc3 g5 27. Qg3 Kg7 28. h4 Rg8 29. h5 Qe8 30. Ng6 Bc8 31. dxc5 1-0

[Event "25. Offene Herner Stadtmeisterschaft 2024"]
[Site "Herne-Sodingen"]
[Date "2024.02.19"]
[Round "3.35"]
[White "Neumann, Frank"]
[Black "Suberski, Lukas"]
[Result "1-0"]
[WhiteElo "1398"]
[BlackElo "1157"]
[PlyCount "90"]
[EventDate "2024.??.??"]
[WhiteTeam "SV Waltrop 1922 e. V."]
[BlackTeam "SV Unser Fritz Wanne-E"]

1. e4 c5 2. Nf3 e6 3. d4 cxd4 4. Nxd4 Nf6 5. Nc3 Bb4 6. Bg5 Nc6 7. Nxc6 bxc6 8. e5 Qa5 9. Bd2 Qxe5+ 10. Qe2 Qa5 11. Qd1 O-O 12. a3 Be7 13. Be2 Rb8 14. b4 Qc7 15. O-O c5 16. Na2 Ne4 17. Rb1 Nxd2 18. Qxd2 d5 19. b5 Bd7 20. a4 Rb7 21. c4 d4 22. a5 Qe5 23. Nc1 a6 24. Nd3 Qd6 25. Bf3 Rbb8 26. b6 Bc6 27. Bxc6 Qxc6 28. Qd1 Bf6 29. f4 Rfe8 30. Ra1 e5 31. fxe5 Bxe5 32. Qf3 Qd7 33. Nxc5 Bxh2+ 34. Kh1 Qe7 35. Kxh2 Qxc5 36. Qxf7+ Kh8 37. Qd5 Qe7 38. Qxd4 Red8 39. Qc3 Qh4+ 40. Kg1 Rd6 41. Rf7 Rg6 42. Raf1 Kg8 43. Qe5 Rxg2+ 44. Kxg2 Qg4+ 45. Qg3 Qe4+ 1-0

[Event "25. Offene Herner Stadtmeisterschaft 2024"]
[Site "Herne-Sodingen"]
[Date "2024.02.19"]
[Round "3.36"]
[White "Malessa, Uwe"]
[Black "Scheithauer, Ralf"]
[Result "0-1"]
[WhiteElo "1039"]
[BlackElo "1376"]
[PlyCount "70"]
[EventDate "2024.??.??"]
[WhiteTeam "SV Erkenschwick 1923 e"]
[BlackTeam "Bochumer SV 02"]

1. e4 e5 2. Nf3 Nc6 3. d4 exd4 4. Nxd4 Nxd4 5. Qxd4 d6 6. Nc3 Be6 7. Bf4 Nf6 8. O-O-O Be7 9. h3 O-O 10. e5 dxe5 11. Qxe5 Bd6 12. Qe3 Bxf4 13. Qxf4 Qe7 14. Bd3 c6 15. Rhe1 Rfd8 16. g4 Qc5 17. Kb1 Nd5 18. Nxd5 Rxd5 19. Re4 Rad8 20. f3 g6 21. b3 Qc3 22. Qe3 Rd4 23. h4 Rxe4 24. fxe4 Bxg4 25. Rf1 Qd4 26. Qg5 Be6 27. Qe7 Rd7 28. Qg5 Kg7 29. e5 Qg4 30. Qf6+ Kg8 31. Rf4 Qd1+ 32. Kb2 Qd2 33. Ka3 Qc1+ 34. Ka4 Qd1 35. Be4 b5+ 0-1

[Event "25. Offene Herner Stadtmeisterschaft 2024"]
[Site "Herne-Sodingen"]
[Date "2024.02.19"]
[Round "3.37"]
[White "Kümmel, Hans-Jürgen"]
[Black "Mohammad, Othman"]
[Result "0-1"]
[WhiteElo "1315"]
[BlackElo "1200"]
[PlyCount "48"]
[EventDate "2024.??.??"]
[WhiteTeam "SV Günnigfeld 1922 e."]
[BlackTeam "SG Wanne"]

1. c4 e5 2. Nc3 Nf6 3. Nf3 Nc6 4. a3 Bc5 5. g3 d6 6. Bg2 O-O 7. O-O Re8 8. d3 h6 9. b4 Bb6 10. Nd5 Be6 11. Nxb6 axb6 12. Bb2 Qd7 13. b5 Na7 14. a4 Bh3 15. a5 Bxg2 16. Kxg2 bxa5 17. Rxa5 b6 18. Qa4 bxa5 19. Ra1 Nc8 20. Bc3 e4 21. Bxf6 gxf6 22. dxe4 Rxe4 23. Qc2 Qe6 24. Nd4 Rxd4 0-1

[Event "25. Offene Herner Stadtmeisterschaft 2024"]
[Site "Herne-Sodingen"]
[Date "2024.02.19"]
[Round "3.38"]
[White "Franzel, Christian"]
[Black "Griese, Andreas"]
[Result "0-1"]
[WhiteElo "1200"]
[BlackElo "1259"]
[PlyCount "144"]
[EventDate "2024.??.??"]
[WhiteTeam "SV Schwarz-Weiß Oberha"]
[BlackTeam "SC Scharnhorst 2002"]

1. Nf3 d5 2. g3 Nf6 3. Bg2 e6 4. O-O Be7 5. d3 O-O 6. c3 Nbd7 7. Qc2 c5 8. e4 dxe4 9. dxe4 e5 10. Nbd2 Qc7 11. b3 b6 12. Bb2 Ba6 13. Rfe1 Rac8 14. c4 Nb8 15. Nf1 Nc6 16. Rad1 Nb4 17. Qb1 Nc6 18. Ne3 Bb7 19. Nd5 Nxd5 20. exd5 Nd4 21. Nxe5 Bf6 22. Nf3 Nxf3+ 23. Bxf3 Bxb2 24. d6 Qb8 25. Bxb7 Qxb7 26. Qxb2 Rcd8 27. b4 Qc8 28. bxc5 bxc5 29. Qb5 Rd7 30. Re7 Rfd8 31. Rde1 Kf8 32. Rxd7 Rxd7 33. Rd1 f6 34. Rd5 Qe8 35. Qxc5 Qe1+ 36. Kg2 Qe4+ 37. f3 Qe2+ 38. Kh3 Qe6+ 39. g4 g5 40. Qd4 Kf7 41. Qe4 Qxe4 42. fxe4 Ke6 43. c5 h6 44. a4 a6 45. a5 Rd8 46. Kg3 Kd7 47. c6+ Kxc6 48. d7 Rxd7 49. Rxd7 Kxd7 50. h4 Kc6 51. hxg5 hxg5 52. Kf3 Kb5 53. e5 fxe5 54. Ke4 Kxa5 55. Kxe5 Kb4 56. Kf5 a5 57. Kxg5 a4 58. Kh6 a3 59. g5 a2 60. g6 a1=Q 61. g7 Qh1+ 62. Kg6 Qe4+ 63. Kf7 Qf5+ 64. Ke8 Qg6+ 65. Kf8 Qf6+ 66. Kg8 Kc5 67. Kh8 Kd6 68. Kh7 Qf5+ 69. Kh6 Qf6+ 70. Kh7 Qf7 71. Kh8 Qh5+ 72. Kg8 Ke6 0-1

[Event "25. Offene Herner Stadtmeisterschaft 2024"]
[Site "Herne-Sodingen"]
[Date "2024.02.19"]
[Round "3.39"]
[White "Bunzel, Robert"]
[Black "Deppe, Stephan"]
[Result "1-0"]
[WhiteElo "1200"]
[BlackElo "1200"]
[PlyCount "109"]
[EventDate "2024.??.??"]
[WhiteTeam "SV Wattenscheid 1930 e"]
[BlackTeam "vereinslos"]

1. e4 e5 2. Nf3 Nc6 3. Bb5 a6 4. Bxc6 dxc6 5. O-O Bd6 6. d4 Bg4 7. h3 Bxf3 8. Qxf3 h6 9. Re1 Nf6 10. c3 Qd7 11. Nd2 Qe6 12. b3 O-O 13. Nc4 b5 14. Nxe5 Bxe5 15. dxe5 Qxe5 16. Bf4 Qe7 17. e5 Nd5 18. Bd2 Qe6 19. c4 Ne7 20. Qg3 Qg6 21. Bb4 Qxg3 22. fxg3 Rfe8 23. Rad1 Ng6 24. Bc3 Rad8 25. Rxd8 Rxd8 26. e6 Ne7 27. Bb4 Re8 28. exf7+ Kxf7 29. g4 bxc4 30. bxc4 Ng6 31. Rxe8 Kxe8 32. Bd2 Ne5 33. c5 Nd7 34. Be3 Nf6 35. g5 hxg5 36. Bxg5 Ne4 37. Be3 Ke7 38. g4 g6 39. Kg2 Ke6 40. Kf3 Kd5 41. h4 Nf6 42. Kf4 Ke6 43. Kg5 Kf7 44. h5 gxh5 45. gxh5 Nh7+ 46. Kh6 Kg8 47. Bf4 Nf8 48. Bxc7 Kh8 49. Bd6 Nh7 50. Kg6 Kg8 51. h6 Kh8 52. Be5+ Kg8 53. Bg7 Nf8+ 54. Bxf8 Kxf8 55. h7 1-0

[Event "25. Offene Herner Stadtmeisterschaft 2024"]
[Site "Herne-Sodingen"]
[Date "2024.02.26"]
[Round "4.1"]
[White "Ribbeheger, Edgar"]
[Black "Werrn, Pascal"]
[Result "0-1"]
[WhiteElo "1971"]
[BlackElo "2132"]
[PlyCount "104"]
[EventDate "2024.??.??"]
[WhiteTeam "SK Sodingen/Castrop 24/23 e. V."]
[BlackTeam "SK Sodingen/Castrop 24/23 e. V."]

1. d4 d5 2. c4 e6 3. Nf3 Nf6 4. Nc3 h6 5. e3 Nbd7 6. Be2 dxc4 7. Bxc4 a6 8. Bd3 b5 9. O-O Bb7 10. b3 c5 11. Bb2 Bd6 12. Rc1 O-O 13. Qe2 Qb8 14. h3 Rd8 15. Rfd1 cxd4 16. exd4 Nd5 17. Nxd5 Bxd5 18. Ne5 Qb7 19. f3 f5 20. Nxd7 Qxd7 21. Rc2 Rac8 22. Rdc1 Bf4 23. Rxc8 Rxc8 24. Rxc8+ Qxc8 25. Qe1 Bd6 26. Qa5 Kh7 27. a4 bxa4 28. bxa4 Qb7 29. Bc1 Qb3 30. Bf1 Qd1 31. Qd2 Qxa4 32. Qd3 a5 33. g4 Qa2 34. f4 Be4 35. Qc4 Qxc4 36. Bxc4 fxg4 37. hxg4 Bd5 38. Bd3+ g6 39. Bc2 Kg7 40. Kf2 Kf7 41. Ba4 Bb4 42. Bb2 h5 43. gxh5 gxh5 44. Bd1 h4 45. Kg1 Bd2 46. Kh2 Bxf4+ 47. Kh3 Bg5 48. Bc3 Bd8 49. Ba4 Be4 50. Bd1 Bf5+ 51. Bg4 Bxg4+ 52. Kxg4 a4 0-1

[Event "25. Offene Herner Stadtmeisterschaft 2024"]
[Site "Herne-Sodingen"]
[Date "2024.02.26"]
[Round "4.2"]
[White "Koscielski, Janusz"]
[Black "Winterkamp, Sascha"]
[Result "1-0"]
[WhiteElo "2230"]
[BlackElo "1925"]
[PlyCount "39"]
[EventDate "2024.??.??"]
[WhiteTeam "SV Wattenscheid 1930 e"]
[BlackTeam "SK Sodingen/Castrop 24/23 e. V."]

1. g3 d6 2. Bg2 g6 3. d4 Bg7 4. e4 e6 5. f4 Ne7 6. Nf3 Nd7 7. O-O h6 8. c4 a6 9. Nc3 Rb8 10. a4 f5 11. e5 dxe5 12. dxe5 Kf7 13. Be3 Nc6 14. Qe2 Qe7 15. Rfd1 Na5 16. Nd4 Nb6 17. c5 Nbc4 18. b4 Nxe3 19. Qxe3 Nc4 20. Qe2 1-0

[Event "25. Offene Herner Stadtmeisterschaft 2024"]
[Site "Herne-Sodingen"]
[Date "2024.02.26"]
[Round "4.3"]
[White "Hahn, Matthias"]
[Black "Rohloff, Markus"]
[Result "1-0"]
[WhiteElo "2122"]
[BlackElo "1896"]
[PlyCount "71"]
[EventDate "2024.??.??"]
[WhiteTeam "SV Bochum-Linden-Dahlh"]
[BlackTeam "SV Rot-Weiß-Altenessen"]

1. d4 Nf6 2. Nf3 g6 3. Nbd2 Bg7 4. e4 d6 5. Bd3 O-O 6. O-O Nbd7 7. Re1 e5 8. c3 c6 9. dxe5 Nxe5 10. Nxe5 dxe5 11. Nf3 Qc7 12. a4 b6 13. Qc2 Bg4 14. Be2 Rad8 15. Be3 h6 16. h3 Be6 17. Nd2 Qc8 18. a5 c5 19. axb6 axb6 20. b3 Nxe4 21. Nxe4 f5 22. Bc4 Bxc4 23. bxc4 fxe4 24. Qxe4 Qf5 25. Qb7 Rf6 26. Ra7 Rf7 27. Qxb6 Rd3 28. Qxc5 Rxc3 29. Qd5 e4 30. Rxf7 Qxf7 31. Qa8+ Kh7 32. c5 Qc4 33. Qb7 g5 34. Qd7 Qd3 35. Rd1 Qe2 36. Qf5+ 1-0

[Event "25. Offene Herner Stadtmeisterschaft 2024"]
[Site "Herne-Sodingen"]
[Date "2024.02.26"]
[Round "4.4"]
[White "Cobanoglu, Ferhat"]
[Black "Kiese, Matthias"]
[Result "0-1"]
[WhiteElo "1951"]
[BlackElo "2120"]
[PlyCount "82"]
[EventDate "2024.??.??"]
[WhiteTeam "SK Sodingen/Castrop 24/23 e. V."]
[BlackTeam "Bochumer SV 02"]

1. Nf3 Nf6 2. e3 d5 3. b4 Bg4 4. d4 e6 5. a3 a5 6. b5 c5 7. dxc5 Bxc5 8. h3 Bh5 9. Nc3 Nbd7 10. Bb2 O-O 11. Ne2 Bd6 12. Nf4 Bxf3 13. Qxf3 Be5 14. Bd4 Qc7 15. c4 dxc4 16. Rc1 Bxd4 17. exd4 Nb6 18. Nd3 Qd6 19. Ne5 Qxd4 20. Nxc4 Nxc4 21. Bxc4 Rac8 22. Qe2 Ne4 23. O-O Nc3 24. Rxc3 Qxc3 25. Bd3 Qxa3 26. Be4 b6 27. Bc6 Rfd8 28. Qe5 Qd6 29. Qe4 Qd4 30. Qb1 g6 31. Qa2 Qc3 32. Qa4 Rd4 33. Qa2 Rcd8 34. Qe2 Rd2 35. Qg4 Qd4 36. Qg3 Rd1 37. Rxd1 Qxd1+ 38. Kh2 Qd6 39. f4 a4 40. Qf2 Qd4 41. Qf3 e5 0-1

[Event "25. Offene Herner Stadtmeisterschaft 2024"]
[Site "Herne-Sodingen"]
[Date "2024.02.26"]
[Round "4.5"]
[White "Gritzan, Ulrich"]
[Black "Trzaska, Peter"]
[Result "0-1"]
[WhiteElo "1838"]
[BlackElo "2029"]
[PlyCount "87"]
[EventDate "2024.??.??"]
[WhiteTeam "SC Buer-Hassel 1919 e. V."]
[BlackTeam "SV Erkenschwick 1923 e"]

1. c4 e5 2. Nc3 Nf6 3. Nf3 Nc6 4. e3 d5 5. cxd5 Nxd5 6. Bb5 Nxc3 7. bxc3 Bd7 8. O-O Bd6 9. d4 O-O 10. Rb1 Qe7 11. d5 Nd8 12. e4 Bxb5 13. Rxb5 a6 14. Rb3 b5 15. Qe2 Nb7 16. c4 Na5 17. Rb1 Nxc4 18. a4 Qd7 19. Nd2 Nxd2 20. Bxd2 Rfb8 21. axb5 axb5 22. Bb4 Ra4 23. Bxd6 cxd6 24. Rfc1 h6 25. Qc2 Qa7 26. Rb2 Rc4 27. Qb1 Rxc1+ 28. Qxc1 b4 29. Rb3 Qd4 30. Qc2 g6 31. g4 Rb5 32. Qc8+ Kg7 33. Qd7 Qd1+ 34. Kg2 Qxb3 35. Qxb5 Qc3 36. Qc6 Qc5 37. Qb7 Qc4 38. f3 Qe2+ 39. Kg3 Qe1+ 40. Kg2 Qc3 41. Qc6 Qd4 42. Qxd6 b3 43. Qb8 b2 44. Kh3 0-1

[Event "25. Offene Herner Stadtmeisterschaft 2024"]
[Site "Herne-Sodingen"]
[Date "2024.02.26"]
[Round "4.6"]
[White "Müller-Kreth, Kai"]
[Black "Callenberg, Ralf"]
[Result "0-1"]
[WhiteElo "1754"]
[BlackElo "2008"]
[PlyCount "74"]
[EventDate "2024.??.??"]
[WhiteTeam "SK Sodingen/Castrop 24/23 e. V."]
[BlackTeam "Recklinghäuser SV Süd/"]

1. c4 e5 2. Nc3 Nf6 3. d3 c6 4. Nf3 d6 5. g3 Be7 6. Bg2 O-O 7. O-O Bg4 8. h3 Be6 9. b3 h6 10. Bb2 Nbd7 11. Qc2 Rc8 12. d4 Nh7 13. Rad1 exd4 14. Nxd4 Ndf6 15. Nxe6 fxe6 16. e4 Qa5 17. Qb1 Rcd8 18. Rfe1 e5 19. Re2 Ng5 20. Rd3 Ne6 21. Nd1 Nc5 22. Bc3 Qb6 23. Rdd2 Ne8 24. Ne3 Bg5 25. h4 Bxe3 26. Rxe3 Nf6 27. Qd1 Qc7 28. b4 Ne6 29. Red3 c5 30. Rxd6 Rxd6 31. Rxd6 Nd4 32. Rd5 Nxd5 33. cxd5 b6 34. bxc5 bxc5 35. Bxd4 cxd4 36. Bh3 Qb6 37. Be6+ Kh8 0-1

[Event "25. Offene Herner Stadtmeisterschaft 2024"]
[Site "Herne-Sodingen"]
[Date "2024.02.26"]
[Round "4.7"]
[White "Morawietz, Manuel"]
[Black "Boxberg, Olaf"]
[Result "1-0"]
[WhiteElo "1991"]
[BlackElo "1746"]
[PlyCount "41"]
[EventDate "2024.??.??"]
[WhiteTeam "SV Unna 1924"]
[BlackTeam "SV Datteln 1924"]

1. e4 d6 2. d4 Nf6 3. Nc3 c6 4. f4 Qa5 5. Bd3 e5 6. Nf3 exd4 7. Nxd4 Qb6 8. Nf3 g6 9. Bc4 Bg4 10. h3 Bxf3 11. Qxf3 Qb4 12. Bb3 Nbd7 13. Bd2 Qd4 14. O-O-O Nc5 15. Be3 Nxb3+ 16. axb3 Qb4 17. Bd4 Bg7 18. e5 Nd7 19. exd6 Bxd4 20. Qe4+ Ne5 21. Rxd4 1-0

[Event "25. Offene Herner Stadtmeisterschaft 2024"]
[Site "Herne-Sodingen"]
[Date "2024.02.26"]
[Round "4.8"]
[White "Quast, Marcel"]
[Black "Hielscher, Fabian"]
[Result "1-0"]
[WhiteElo "2156"]
[BlackElo "1736"]
[PlyCount "45"]
[EventDate "2024.??.??"]
[WhiteTeam "SC Gerthe 46 - Werne"]
[BlackTeam "SV Wattenscheid 1930 e"]

1. e4 c6 2. Nf3 d5 3. Nc3 Bg4 4. d3 d4 5. Ne2 Bxf3 6. gxf3 c5 7. f4 e6 8. Bg2 Nc6 9. O-O Nf6 10. Ng3 Qc7 11. a3 g6 12. Bd2 h5 13. e5 Nd5 14. Ne4 Nce7 15. Nd6+ Kd7 16. Nxf7 Rg8 17. c4 dxc3 18. bxc3 Rb8 19. a4 Nf5 20. a5 Ke8 21. Ng5 Kd7 22. Qb3 Rd8 23. Bxd5 1-0

[Event "25. Offene Herner Stadtmeisterschaft 2024"]
[Site "Herne-Sodingen"]
[Date "2024.02.26"]
[Round "4.9"]
[White "Gregoritsch, Dirk"]
[Black "Lang, Daniel"]
[Result "0-1"]
[WhiteElo "1766"]
[BlackElo "2098"]
[PlyCount "74"]
[EventDate "2024.??.??"]
[WhiteTeam "SV Unser Fritz Wanne-E"]
[BlackTeam "SV Wattenscheid 1930 e"]

1. d4 c5 2. Nf3 cxd4 3. Qxd4 Nc6 4. Qd3 Nf6 5. Nc3 g6 6. e4 d6 7. Be2 Bg7 8. Bf4 O-O 9. h3 Be6 10. O-O Rc8 11. Qd2 Re8 12. Rfe1 Nd7 13. Be3 Qa5 14. Nd5 Qxd2 15. Bxd2 Bxb2 16. Rab1 Bg7 17. Rxb7 Nc5 18. Rc7 Nxe4 19. Rxc8 Rxc8 20. Ba6 Nxd2 21. Bxc8 Nxf3+ 22. gxf3 Bxd5 23. Bb7 e6 24. c4 Bxc4 25. Bxc6 Bxa2 26. Rd1 d5 27. Rd3 Bc4 28. Ra3 Bd4 29. Bb7 Bc5 30. Ra4 Kf8 31. Ba6 Bxa6 32. Rxa6 Bb6 33. Kf1 Ke7 34. Ke2 Kd6 35. f4 h5 36. Kd3 Ke7 37. f3 Kf6 0-1

[Event "25. Offene Herner Stadtmeisterschaft 2024"]
[Site "Herne-Sodingen"]
[Date "2024.02.26"]
[Round "4.10"]
[White "Sikorski, Thomas"]
[Black "Hammerich, Simon"]
[Result "0-1"]
[WhiteElo "1728"]
[BlackElo "2052"]
[PlyCount "102"]
[EventDate "2024.??.??"]
[WhiteTeam "SK Sodingen/Castrop 24/23 e. V."]
[BlackTeam "SC Buer-Hassel 1919 e. V."]

1. c4 e5 2. Nc3 Nf6 3. e4 Bc5 4. Be2 O-O 5. Nf3 d6 6. d4 exd4 7. Nxd4 Re8 8. Bg5 h6 9. Bxf6 Qxf6 10. Nf3 Bb4 11. Qd4 Qxd4 12. Nxd4 Bxc3+ 13. bxc3 Rxe4 14. O-O Re7 15. Bf3 Na6 16. Rfe1 Kf8 17. Rxe7 Kxe7 18. Re1+ Kf8 19. Rb1 c6 20. Kf1 Nc5 21. Ke2 Bd7 22. Kd2 Re8 23. g3 Bc8 24. Bg2 Ne4+ 25. Bxe4 Rxe4 26. f3 Re7 27. g4 g6 28. a4 Kg7 29. a5 a6 30. f4 Bxg4 31. Rg1 h5 32. f5 c5 33. Rf1 Bxf5 34. Nxf5+ gxf5 35. Rxf5 Re5 36. Rf1 Rg5 37. Rb1 Rg2+ 38. Kd3 Rxh2 39. Rxb7 Ra2 40. Rb6 h4 41. Rxa6 h3 42. Rb6 h2 43. Rb1 Rxa5 44. Ke4 Ra2 45. Kd5 Rd2+ 46. Ke4 Kg6 47. Ke3 Rg2 48. Rh1 Kg5 49. Kd3 f5 50. Ke3 Kg4 51. Kd3 Kg3 0-1

[Event "25. Offene Herner Stadtmeisterschaft 2024"]
[Site "Herne-Sodingen"]
[Date "2024.02.26"]
[Round "4.11"]
[White "Wiechen, Ulrich"]
[Black "Meier, Jan"]
[Result "1/2-1/2"]
[WhiteElo "1923"]
[BlackElo "1781"]
[PlyCount "106"]
[EventDate "2024.??.??"]
[WhiteTeam "SC Buer-Hassel 1919 e. V."]
[BlackTeam "SV Waltrop 1922 e. V."]

1. e4 e5 2. Nf3 d5 3. Nxe5 Bd6 4. d4 dxe4 5. Nc3 Bxe5 6. dxe5 Qxd1+ 7. Kxd1 Bg4+ 8. Ke1 Nc6 9. h3 Bd7 10. Nxe4 O-O-O 11. Be3 Nb4 12. Bd3 Bc6 13. Ke2 Ne7 14. Rhd1 Nf5 15. a3 Nxd3 16. cxd3 Nd4+ 17. Kf1 Bxe4 18. dxe4 Nc2 19. Bg5 Nxa1 20. Bxd8 Rxd8 21. Rxa1 Rd2 22. b4 Kd7 23. g3 Ke6 24. Rc1 Kd7 25. Rc3 Rd4 26. Re3 Ke6 27. f4 Rd2 28. Ke1 Ra2 29. Rc3 c6 30. Rd3 h5 31. g4 h4 32. g5 g6 33. Kf1 Rh2 34. a4 Rb2 35. Rd6+ Ke7 36. Rd4 Ke6 37. Kg1 Rb3 38. Kg2 Rg3+ 39. Kh2 Rf3 40. Rd6+ Ke7 41. Rf6 Rb3 42. e6 fxe6 43. Rxg6 Rxb4 44. f5 exf5 45. exf5 Rxa4 46. f6+ Kf8 47. Rg7 Rf4 48. Rxb7 Rf5 49. Rxa7 Rxg5 50. Rc7 c5 51. Kh1 Rg3 52. Rxc5 Rxh3+ 53. Kg2 Rg3+ 1/2-1/2

[Event "25. Offene Herner Stadtmeisterschaft 2024"]
[Site "Herne-Sodingen"]
[Date "2024.02.26"]
[Round "4.12"]
[White "Ptaszyk, Henning"]
[Black "Schmidt, Ralph"]
[Result "1/2-1/2"]
[WhiteElo "1652"]
[BlackElo "1825"]
[PlyCount "52"]
[EventDate "2024.??.??"]
[WhiteTeam "SK Sodingen/Castrop 24/23 e. V."]
[BlackTeam "SV Bochum-Linden-Dahlh"]

1. e4 e5 2. Nf3 Nc6 3. Bc4 Bc5 4. c3 Nf6 5. d4 exd4 6. e5 d5 7. Bb5 Ne4 8. cxd4 Bb4+ 9. Bd2 Nxd2 10. Nbxd2 Bd7 11. O-O O-O 12. a3 Bxd2 13. Bxc6 Bxc6 14. Qxd2 Bd7 15. h3 c6 16. Rfe1 Bf5 17. Rac1 f6 18. Nh4 fxe5 19. Nxf5 Rxf5 20. Rxe5 Rxe5 21. dxe5 Qe7 22. Qd4 a6 23. b4 Rf8 24. Re1 g5 25. e6 Qg7 26. Qg4 Re8 1/2-1/2

[Event "25. Offene Herner Stadtmeisterschaft 2024"]
[Site "Herne-Sodingen"]
[Date "2024.02.26"]
[Round "4.13"]
[White "Fenchel, Nils"]
[Black "Bautz, Volker"]
[Result "0-1"]
[WhiteElo "1604"]
[BlackElo "1784"]
[PlyCount "46"]
[EventDate "2024.??.??"]
[WhiteTeam "SC Buer-Hassel 1919 e. V."]
[BlackTeam "Bochumer SV 02"]

1. e4 d5 2. exd5 Nf6 3. d4 Nxd5 4. Nf3 Bg4 5. Be2 e6 6. Bg5 Be7 7. Bxe7 Qxe7 8. O-O Nc6 9. c3 O-O 10. h3 Bh5 11. Nbd2 a6 12. Nh2 Bg6 13. Re1 Nf4 14. Nc4 Qg5 15. Ne3 Nxh3+ 16. Kf1 Nf4 17. Nf3 Qh5 18. Qd2 Qh1+ 19. Ng1 e5 20. d5 Ne7 21. c4 Nf5 22. Bf3 Nh4 23. g3 Nxf3 0-1

[Event "25. Offene Herner Stadtmeisterschaft 2024"]
[Site "Herne-Sodingen"]
[Date "2024.02.26"]
[Round "4.14"]
[White "Lojack, Rouven"]
[Black "Reinholz, Benjamin"]
[Result "0-1"]
[WhiteElo "1531"]
[BlackElo "1981"]
[PlyCount "48"]
[EventDate "2024.??.??"]
[WhiteTeam "SV Königsspringer Halt"]
[BlackTeam "SK Sodingen/Castrop 24/23 e. V."]

1. e4 e5 2. Nf3 Nc6 3. Bc4 g6 4. c3 Bg7 5. d3 Nge7 6. Be3 O-O 7. a3 d5 8. exd5 Nxd5 9. Bg5 Qd6 10. Nbd2 f5 11. Ba2 Be6 12. Nc4 Qd7 13. Bd2 h6 14. O-O b5 15. Ncxe5 Nxe5 16. Nxe5 Bxe5 17. Bxh6 Rf7 18. d4 Bd6 19. f4 Re8 20. Qf3 Nf6 21. d5 Bxd5 22. Bxd5 Bc5+ 23. Kh1 Qxd5 24. Qg3 Ng4 0-1

[Event "25. Offene Herner Stadtmeisterschaft 2024"]
[Site "Herne-Sodingen"]
[Date "2024.02.26"]
[Round "4.15"]
[White "Waldschmidt, Georg"]
[Black "Kasprowski, Henryk"]
[Result "1-0"]
[WhiteElo "2090"]
[BlackElo "1644"]
[PlyCount "55"]
[EventDate "2024.??.??"]
[WhiteTeam "SK Sodingen/Castrop 24/23 e. V."]
[BlackTeam "SV Wattenscheid 1930 e"]

1. e4 d5 2. exd5 Qxd5 3. Nc3 Qd6 4. d4 Nf6 5. Nf3 a6 6. g3 Bg4 7. h3 Bh5 8. g4 Bg6 9. Bg2 Nc6 10. O-O O-O-O 11. Be3 e6 12. Qe2 Nb4 13. Ne5 Nbd5 14. Bd2 Qb6 15. g5 Qxb2 16. Rab1 Qxc2 17. Rfc1 Qf5 18. gxf6 Qxf6 19. Rb3 Qh4 20. Nxd5 exd5 21. Ba5 Bd6 22. Rbc3 Qxd4 23. Bxc7 Bxc7 24. Rxc7+ Kb8 25. Nd7+ Ka8 26. Nc5 Qf4 27. Nxb7 Qa4 28. Nxd8 1-0